<?xml version="1.0" encoding="UTF-8"?>
<record
    xmlns:xsi="http://www.w3.org/2001/XMLSchema-instance"
    xsi:schemaLocation="http://www.loc.gov/MARC21/slim http://www.loc.gov/standards/marcxml/schema/MARC21slim.xsd"
    xmlns="http://www.loc.gov/MARC21/slim">

  <leader>06797nam a2200421Ia 4500</leader>
  <controlfield tag="001">dia_643</controlfield>
  <controlfield tag="003">CHAP</controlfield>
  <controlfield tag="005">20250828102459.0</controlfield>
  <controlfield tag="007">ta</controlfield>
  <controlfield tag="008">220117s1998    mx abdofrm    001 0 spa d</controlfield>
  <datafield tag="010" ind1=" " ind2=" ">
    <subfield code="a">171192</subfield>
  </datafield>
  <datafield tag="040" ind1=" " ind2=" ">
    <subfield code="c">CHAP</subfield>
    <subfield code="a">mxchpua</subfield>
  </datafield>
  <datafield tag="041" ind1="0" ind2=" ">
    <subfield code="a">spa</subfield>
    <subfield code="b">eng</subfield>
  </datafield>
  <datafield tag="090" ind1=" " ind2=" ">
    <subfield code="a">Tesis </subfield>
    <subfield code="b">M372</subfield>
    <subfield code="c">1998</subfield>
  </datafield>
  <datafield tag="100" ind1="1" ind2=" ">
    <subfield code="a">Mart&#xED;nez P&#xE9;rez, Arturo</subfield>
  </datafield>
  <datafield tag="240" ind1="1" ind2="0">
    <subfield code="a">Study on chinese commercialization in coast of Chiapas.</subfield>
    <subfield code="l">Espa&#xF1;ol</subfield>
  </datafield>
  <datafield tag="245" ind1="1" ind2="0">
    <subfield code="a">Estudio de la comercializaci&#xF3;n de queso en la costa de Chiapas /</subfield>
    <subfield code="c">Arturo Mart&#xED;nez P&#xE9;rez</subfield>
  </datafield>
  <datafield tag="264" ind1=" " ind2=" ">
    <subfield code="a">Chapingo, M&#xE9;xico :</subfield>
    <subfield code="b">El autor,</subfield>
    <subfield code="c">1998</subfield>
  </datafield>
  <datafield tag="300" ind1=" " ind2=" ">
    <subfield code="a">81 hojas :</subfield>
    <subfield code="b">ilustraciones, mapas, diagramas, tablas, fotos</subfield>
  </datafield>
  <datafield tag="336" ind1=" " ind2=" ">
    <subfield code="2">rda content</subfield>
    <subfield code="a">texto</subfield>
    <subfield code="b">txt</subfield>
  </datafield>
  <datafield tag="337" ind1=" " ind2=" ">
    <subfield code="2">rdamedia</subfield>
    <subfield code="a">no mediado</subfield>
    <subfield code="b">n</subfield>
  </datafield>
  <datafield tag="338" ind1=" " ind2=" ">
    <subfield code="2">rdacarrier</subfield>
    <subfield code="a">volumen</subfield>
    <subfield code="b">nc</subfield>
  </datafield>
  <datafield tag="502" ind1=" " ind2=" ">
    <subfield code="a">Tesis </subfield>
    <subfield code="b">(Ingeniero Agroindustrial) --</subfield>
    <subfield code="c">UACh. Departamento de Ingenier&#xED;a Agroindustrial, </subfield>
    <subfield code="d">1998</subfield>
  </datafield>
  <datafield tag="504" ind1=" " ind2=" ">
    <subfield code="a">Bibliograf&#xED;a: hojas 80-81</subfield>
  </datafield>
  <datafield tag="520" ind1="3" ind2=" ">
    <subfield code="a">Chiapas es uno de los principales estados productores de leche con sistema de doble prop&#xF3;sito (SDP) en el pa&#xED;s; a su vez, la regi&#xF3;n Costa constituye la principal zona productora de leche de ese estado, al generar en promedio alrededor de 300 000 /d&#xED;a. Del total producido, el 90% se transforma en queso (queso cotija, queso crema tropical y quesillo). La producci&#xF3;n de queso est&#xE1; orientada a la venta; cerca de un 91% se destina al consumo nacional, un 5% al consumo estatal y cerca del 3.5% al regional. No obstante, un problema serio se presenta en la comercializaci&#xF3;n, ya que esta actividad es todav&#xED;a insuficiente y escasamente desarrollada. En realidad, el sistema agroindustrial leche en la regi&#xF3;n resulta afectado por la comercializaci&#xF3;n del queso, siendo este producto el principal destino de la leche fluida. Por lo anterior, este trabajo de investigaci&#xF3;n se orient&#xF3; hacia la identificaci&#xF3;n del papel que juegan los agentes econ&#xF3;micos en la comercializaci&#xF3;n de la leche y el queso en la Costa de Chiapas, y su incidencia en el sistema agroindustrial leche en la regi&#xF3;n. problem&#xE1;tica, se visit&#xF3; Para realizar un an&#xE1;lisis de la a empresas queseras de la zona, en donde se estudi&#xF3; la procedencia de la materia prima, los mecanismos de abastecimiento y la distribuci&#xF3;n del producto final. La selecci&#xF3;n de las queser&#xED;as no se hizo con base en un muestreo probabil&#xED;stico, debido a la inexistencia de un padr&#xF3;n de industriales en la zona. El trabajo en campo revel&#xF3; que la producci&#xF3;n quesera se liga a una industria conformada por un n&#xFA;mero reducido de queser&#xED;as grandes (elaboradoras de queso cotija) y un gran n&#xFA;mero de queser&#xED;as peque&#xF1;as (fabricadoras de queso crema tropical, principalmente) que operan en la econom&#xED;a informal. Esta actividad se ve afectada por la estacionalidad en la producci&#xF3;n de leche, ya que solamente existen 2 estaciones bien definidas en la Costa: la de secas (noviembre - mayo) y la de lluvias (de junio octubre); en lluvias se obtiene aproximadamente el doble de volumen de leche que en la temporada de sequ&#xED;a. En paralelo, la producci&#xF3;n de queso en luvias casi duplica a la de secas; esto repercute, de manera inversa, en el precio del producto en las dos temporadas. agroindustria, adolece de algunas deficiencias en calidad El queso producido en esta (V.g. microbiol&#xF3;gica); no obstante, su car&#xE1;cter genuino es un rasgo que deber&#xED;a apreciarse frente a los quesos comparables, pero no aut&#xE9;nticos (V.g. "rellenos "), procedentes de otras regiones del pa&#xED;s, lo cual permitir&#xED;a que este producto fuera mejor pagado, lo que traer&#xED;a beneficios a los distintos agentes del sistema agroindustrial lechero de la Costa de Chiapas.&#xA0;--</subfield>
  </datafield>
  <datafield tag="520" ind1="3" ind2=" ">
    <subfield code="a">The state of Chiapas is one of the main producers of milk with double purp0Se system (DPS) country. At the state time, the coast is the main milk producer zone in the state, generating around 300 000 . a day as an average. From the total production, the 90% is transfomed into cheese (" cotija cheese, tropical cream cheese and" quesillo "). The cheese production is oriented to the sale; nearty a 91% is destinated to the national consume, a 5% to the state consumption and nearly the 3.5% to the regional Consumption. However, there is a serious problem in commercialization, since this acdivity is still not enough and it is scarcely developed. Indeed, the fan industry of milk in the region is affected by the cheese marketing, being this product the main destiny of fluid milk. For these reasons, this Work is dedicated to the identification of the role that the economic agents play in the milk and cheese commercialization in the coast of Chiapas, and its incidence in the fam industry system of milk in the region. In order to analyze the problematic, some cheese companies were visited; in the companies, the raw material origin, the supply mechanisms, and the distribution of the final product. The selection of the dairies was not done upon the base of a probabilistic sampling since there is not an industrial pattem of producers in the zone. The field work revealed that the cheese production is linked to an industry which is confomed by a reduced number of big dairies (" cotija " cheese producers) and a big number of small dairies (mainly tropical cream cheese producers) which work in the infomal economy. This activity is affected by the seasonal characteristic of milk production since there are two well defined seasons in the coast: the dry season (from November to May) and the rain season (from June to October). In the rain season it is obtained approximately the double volume of milk than in the dry season. In consequence, the cheese production in the rain season is almost the double of the one in the dry season, this is reflected the opposite way in the price of the product in both seasons. The cheese produced in this fam industry has some deficiencies in quality (e.g. microbiological); however, its genuine character is an element which should have been considered in front of the comparable, but not authentic types of cheese (e.g. imitations), coming from other parts of the country. This would allow this product to have a better price, which would bring benefit to the different agents in the milk fan industry in the coast of Chiapas.&#xA0;</subfield>
  </datafield>
  <datafield tag="650" ind1="1" ind2="3">
    <subfield code="a">Quesos</subfield>
    <subfield code="2">atg</subfield>
  </datafield>
  <datafield tag="650" ind1="1" ind2="3">
    <subfield code="a">Quesos</subfield>
    <subfield code="x">Comercializaci&#xF3;n</subfield>
    <subfield code="2">atg</subfield>
    <subfield code="z">M&#xE9;xico</subfield>
    <subfield code="z">Chiapas</subfield>
  </datafield>
  <datafield tag="650" ind1="1" ind2="3">
    <subfield code="a">Cheeses  </subfield>
    <subfield code="2">atg</subfield>
  </datafield>
  <datafield tag="650" ind1="1" ind2="3">
    <subfield code="a">Cheeses  </subfield>
    <subfield code="x">Commercialization</subfield>
    <subfield code="2">atg</subfield>
    <subfield code="z">Mexico</subfield>
    <subfield code="z">Chiapas</subfield>
  </datafield>
  <datafield tag="700" ind1="1" ind2=" ">
    <subfield code="a">Villegas de Gante, Abraham Zacarias</subfield>
    <subfield code="e">director</subfield>
  </datafield>
  <datafield tag="700" ind1="1" ind2=" ">
    <subfield code="a">P&#xE9;rez Pelayo, Fernando</subfield>
    <subfield code="e">asesor</subfield>
  </datafield>
  <datafield tag="700" ind1="1" ind2=" ">
    <subfield code="a">Mu&#xF1;oz Rodr&#xED;guez, Manrrubio</subfield>
    <subfield code="e">asesor</subfield>
  </datafield>
  <datafield tag="901" ind1=" " ind2=" ">
    <subfield code="a">TESIS M372 1998</subfield>
  </datafield>
  <datafield tag="902" ind1=" " ind2=" ">
    <subfield code="a">M</subfield>
  </datafield>
  <datafield tag="905" ind1=" " ind2=" ">
    <subfield code="a">0000001998                          mx A   0000000000spa00</subfield>
  </datafield>
  <datafield tag="942" ind1=" " ind2=" ">
    <subfield code="c">TESIS</subfield>
    <subfield code="2">Clasificaci&#xF3;n Universidad Aut&#xF3;noma Chapingo</subfield>
  </datafield>
  <datafield tag="999" ind1=" " ind2=" ">
    <subfield code="c">171192</subfield>
    <subfield code="d">171192</subfield>
  </datafield>
  <datafield tag="952" ind1=" " ind2=" ">
    <subfield code="0">0</subfield>
    <subfield code="1">0</subfield>
    <subfield code="2">local</subfield>
    <subfield code="4">0</subfield>
    <subfield code="5">5</subfield>
    <subfield code="7">0</subfield>
    <subfield code="8">TESIS</subfield>
    <subfield code="a">IA_</subfield>
    <subfield code="b">IA_</subfield>
    <subfield code="e">El autor</subfield>
    <subfield code="l">0</subfield>
    <subfield code="o">Tesis M372 1998</subfield>
    <subfield code="p">1101011419</subfield>
    <subfield code="r">2026-02-02 00:00:00</subfield>
    <subfield code="t">Ej. 2</subfield>
    <subfield code="y">TESIS</subfield>
  </datafield>
  <datafield tag="952" ind1=" " ind2=" ">
    <subfield code="0">0</subfield>
    <subfield code="1">0</subfield>
    <subfield code="2">local</subfield>
    <subfield code="4">0</subfield>
    <subfield code="5">1</subfield>
    <subfield code="7">0</subfield>
    <subfield code="8">TESIS</subfield>
    <subfield code="a">IA_</subfield>
    <subfield code="b">IA_</subfield>
    <subfield code="e">El autor</subfield>
    <subfield code="l">0</subfield>
    <subfield code="o">Tesis M372 1998</subfield>
    <subfield code="p">1101015866</subfield>
    <subfield code="r">2026-02-02 00:00:00</subfield>
    <subfield code="t">Ej. 1</subfield>
    <subfield code="y">TESIS</subfield>
  </datafield>
</record>
